Name A Valid State Flag - Statistics

General Stats
  • This quiz has been taken 10 times
  • The average score is 17 of 35
Answer Stats
Hint Answer % Correct
Only one star Arizona | California | Maine | Massachusetts | Minnesota | Nevada | North Carolina | Texas | Utah
100%
State name on flag Arkansas | California | Florida | Idaho | Illinois | Indiana | Iowa | Kansas | Kentucky | Maine | Montana | Nebraska | Nevada | New Hampshire | North Dakota | Oklahoma | Oregon | South Dakota | Vermont | Virginia | Washington | West Virginia | Wisconsin | Wyoming
100%
Bear California | Missouri
100%
Date ratified on flag Delaware | Illinois | Nebraska | Oregon | Washington | Wisconsin
100%
Only two colors Alabama | Alaska | Indiana | New Mexico | Oregon | South Carolina
75%
Big dipper Alaska
75%
Latin writing Colorado | Idaho | Kansas | Maine | Michigan | New York | North Dakota | Virginia
75%
Symbol representing first letter of state Colorado | Ohio
75%
Union jack Hawaii
75%
Buffalo Wyoming
75%
Checkered pattern Maryland
63%
Badger Wisconsin
63%
Diagonal cross Alabama | Florida
50%
Sun Colorado | Florida | Illinois | Kansas | Michigan | Montana | New Hampshire | New Mexico | New York | North Dakota | Oregon | South Dakota
50%
Human Delaware | Florida | Georgia | Idaho | Kentucky | Maine | Massachusetts | Michigan | Nebraska | New Jersey | New York | Virginia | Washington | West Virginia | Wisconsin | Wyoming
50%
Pelican Louisiana
50%
Anchor Maine | Rhode Island | Wisconsin
50%
Moon Missouri | South Carolina
50%
Beaver Oregon
50%
In God we trust Florida | Georgia | Mississippi
38%
Eagle Illinois | Iowa | Michigan | Missouri | New York | North Dakota | Oregon | Pennsylvania | Wyoming
38%
Wagon Kansas | Oregon
38%
Moose Maine | Michigan
38%
Dream catcher Oklahoma
38%
Flower Florida | Idaho | Mississippi | West Virginia
25%
Deer or elk head (not full body) Idaho | Vermont
25%
Non-rectangular Ohio
25%
Nudity Virginia
25%
Grapes Connecticut | Idaho | New Jersey | Wisconsin
13%
Sword Georgia | Massachusetts | New York
13%
Spanish writing Montana
13%
At least thirty stars Kansas | Missouri | Oregon
0%
Horse Kansas | New Jersey | Pennsylvania
0%
Train Nebraska
0%
Fits no above category Tennessee
0%
No matching quizzes found
Score Distribution
Percent of People with Each Score
Percentile by Number Answered
Your Score History
You have not taken this quiz